Nuestros entendimiento de Don Pepe /

Sparad:
Bibliografiska uppgifter
Huvudupphovsman: Figueres Boggs, Muni
Materialtyp: Text
Ämnen:
Taggar: Lägg till en tagg
Inga taggar, Lägg till första taggen!

MARC

LEADER 00000 a a2200000 04500
001 16877
003
040
100 |a Figueres Boggs, Muni  
245 |a Nuestros entendimiento de Don Pepe /  |c Muni Figueres Boggs 
650 |a POLITICA  
650 |a JEFE DE ESTADO  
650 |a IDENTIDAD NACIONAL  
650 |a COSTA RICA  
773 |g volumen 14, número 1,2,3; páginas 97-100  
999 |c 31981  |d 31981